Contraintes et liberté du juge constitutionnel dans l’exercice de son travail d’interprétation (notice n° 1666941)
[ vue normale ]
| 000 -LEADER | |
|---|---|
| fixed length control field | 01151cam a2200157 4500500 |
| 005 - DATE AND TIME OF LATEST TRANSACTION | |
| control field | 20260222003101.0 |
| 041 ## - LANGUAGE CODE | |
| Language code of text/sound track or separate title | fre |
| 042 ## - AUTHENTICATION CODE | |
| Authentication code | dc |
| 100 10 - MAIN ENTRY--PERSONAL NAME | |
| Personal name | Mathieu, Bertrand |
| Relator term | author |
| 245 00 - TITLE STATEMENT | |
| Title | Contraintes et liberté du juge constitutionnel dans l’exercice de son travail d’interprétation |
| 260 ## - PUBLICATION, DISTRIBUTION, ETC. | |
| Date of publication, distribution, etc. | 2026.<br/> |
| 500 ## - GENERAL NOTE | |
| General note | 67 |
| 520 ## - SUMMARY, ETC. | |
| Summary, etc. | Le contrôle opéré par le Conseil constitutionnel porte sur une norme spécifique en ce qu’elle est le produit d’une volonté politique censée exprimer l’intérêt général. Si l’on admet que la fonction du juge (contrôler) est différente de celle du politique (décider) et si l’on prend en compte le risque de confusion entre ces deux fonctions dans l’exercice du contrôle de la constitutionnalité de la loi, l’appréciation portée sur l’exercice par le juge de sa fonction d’interprétation, tant de la Constitution que de la loi, doit s’opérer au regard d’une exigence d’autolimitation. |
| 786 0# - DATA SOURCE ENTRY | |
| Note | Titre VII | 15 | 2 | 2026-02-20 | p. 1-10 | 3001-963X |
| 856 41 - ELECTRONIC LOCATION AND ACCESS | |
| Uniform Resource Identifier | <a href="https://droit.cairn.info/revue-titre-vii-2026-1-page-1?lang=fr&redirect-ssocas=7080">https://droit.cairn.info/revue-titre-vii-2026-1-page-1?lang=fr&redirect-ssocas=7080</a> |
Pas d'exemplaire disponible.




Réseaux sociaux